| 000 | 01166nam a2200229Ia 4500 | ||
|---|---|---|---|
| 001 | L251-17979 | ||
| 003 | IT-CnALBA | ||
| 008 | 170116s9999||||xx |||||||||||||| ||und|| | ||
| 040 |
_aIT-CnALBA _cIT-CnALBA |
||
| 041 | _aITALIANO | ||
| 100 | _aFRANCO P. SECONDO, SJ. | ||
| 245 | 0 | _aOPERE. VOL. IV, PARTE II: MESE DI MAGGIO. IL S. CUORE DI MA RIA. | |
| 250 | _a2a ed. | ||
| 260 |
_aARC. MODENA. _bIMMAC. CONCEZ. TIP. PONT. _c1882 [1° Ed.: n.d.] |
||
| 300 | _a397 p. | ||
| 500 | _aMALIZIE ED EFFETTI DEL PECCATO. MORTE. GIUDIZIO. INFERNO. MISERICORDIA DI DIO. CONVERSIONE. DOLORE DEI PECCATI. OCCASIONI. SEQUELA. EUCARISTIA. DIVERTIMENTI. SCANDALO. DISONESTÀ. MARIA. LODI. LITANIE. VIRTÙ. GIOIE E DOLORI. | ||
| 501 | _aSocietà San Paolo EM - Piazza San Paolo, 14 - 12051 ALBA (CN) (non commercial uses only) ® Copyright 2017 | ||
| 520 | _aMALIZIE ED EFFETTI DEL PECCATO. MORTE. GIUDIZIO. INFERNO. MISERICORDIA DI DIO. CONVERSIONE. DOLORE DEI PECCATI. OCCASIONI. SEQUELA. EUCARISTIA. DIVERTIMENTI. SCANDALO. DISONESTÀ. MARIA. LODI. LITANIE. VIRTÙ. GIOIE E DOLORI. | ||
| 650 | _aPREDICAZIONE - ORATORIA SACRA | ||
| 942 | _cBK | ||
| 957 | _71 | ||
| 999 |
_a22724 _bSI _g Copie: 1 _c277109 _d277109 |
||